| 000 | 01770nam a2200445Ii 4500 | ||
|---|---|---|---|
| 001 | DIGMOR0031 | ||
| 003 | NyNyDIG | ||
| 008 | 140601r20022001sp ob 000 0 spa d | ||
| 006 | m o d | ||
| 007 | cr ||||||||||| | ||
| 020 |
_a9788471125590 _q(eBook) |
||
| 020 | _z8471124661 | ||
| 020 | _z9788471124661 | ||
| 035 | _a(OCoLC)891306149 | ||
| 043 | _ae-sp--- | ||
| 040 |
_aDGITA _beng _erda _epn _cDGITA |
||
| 050 | 1 | 4 | _aLC191.8.S7 eBook |
| 100 | 1 |
_aGimeno Sacristán, José, _d1947- _eauthor. |
|
| 245 | 1 | 0 |
_aEducar y convivir en la cultura global : _blas exigencias de la ciudadanía / _cpor José Gimeno Sacristán. |
| 250 | _aSegunda edición (reimpresión) | ||
| 264 | 1 |
_aMadrid : _bEdiciones Morata, _c2002. |
|
| 300 | _a1 online resource (285 pages). | ||
| 336 |
_atext _btxt _2rdacontent |
||
| 337 |
_acomputer _bc _2rdamedia |
||
| 338 |
_aonline resource _bcr _2rdacarrier |
||
| 490 | 1 | _aColección Sociología. Manuales | |
| 504 | _aIncludes bibliographical references (pages [277]-282). | ||
| 588 | 0 | _aOnline resource; title from ePub and PDF title page (Digitalia, viewed June 2, 2014) | |
| 650 | 0 |
_aEducation _xSocial aspects _zSpain. |
|
| 650 | 0 |
_aMulticultural education _zSpain. |
|
| 650 | 0 |
_aCritical pedagogy _zSpain. |
|
| 655 | 0 | _aElectronic books. | |
| 776 | 0 | 8 |
_iPrint version: _aGimeno Sacristán, José. _tEducar y convivir en la cultura global. _dMadrid : Ediciones Morata, c2002 _z9788471124661 _w(OCoLC)53195862 |
| 793 | 0 |
_gDigitalia eBook Collection: _aEdiciones Morata. |
|
| 791 | 2 |
_aDigitalia (Firm) _epublisher |
|
| 830 | 0 |
_aColección Sociología (Madrid, Spain). _pManuales. |
|
| 856 | 4 | 0 |
_3Digitalia Hispánica _uhttps://www.digitaliapublishing.com/a/13438/ |
| 910 | _aPremium Collection: 2013 | ||
| 942 | _cRAA | ||
| 999 |
_c233169 _d233169 |
||